Integrative framework and methods for coastal area management : Proccedings of the Regional workshop on coastal Zone planning and management
The principal objective of this conference was to critically review and assess the planning process used and the content of plants formulated,...
Na minha lista:
| Formato: | Livro |
|---|---|
| Idioma: | Undetermined |
| Publicado em: |
Brunei Darussalam
Association of Southeast Asian Nations
1992
|
| Assuntos: | |
| Tags: |
Adicionar Tag
Sem tags, seja o primeiro a adicionar uma tag!
|
| Thư viện lưu trữ: | Trung tâm Học liệu Trường Đại học Cần Thơ |
|---|
| LEADER | 00956nam a2200193Ia 4500 | ||
|---|---|---|---|
| 001 | CTU_143389 | ||
| 008 | 210402s9999 xx 000 0 und d | ||
| 082 | |a 333.91 | ||
| 082 | |b I.61 | ||
| 245 | 0 | |a Integrative framework and methods for coastal area management : | |
| 245 | 0 | |b Proccedings of the Regional workshop on coastal Zone planning and management | |
| 245 | 0 | |c Edited by Chua Thia-Eng and Louise Fallon Scura | |
| 260 | |a Brunei Darussalam | ||
| 260 | |b Association of Southeast Asian Nations | ||
| 260 | |c 1992 | ||
| 520 | |a The principal objective of this conference was to critically review and assess the planning process used and the content of plants formulated,... | ||
| 650 | |a Integrated coastal zone management,Regional planning,Quản lý chỉ số vùng nước ven biển | ||
| 650 | |x Environmental aspects,Environmental aspects,Khía cạnh môi trường | ||
| 980 | |a Trung tâm Học liệu Trường Đại học Cần Thơ | ||